Španielčina 1, 2

Salvato in:
Dettagli Bibliografici
Autore principale: Lenghardtová, Jana
Natura: Libro
Lingua:spagnolo
slovacco
Pubblicazione: Bratislava Slovenské pedagogické nakladateľstvo - Mladé letá 2010
Edizione:7. vyd.
Soggetti:
Tags: Aggiungi Tag
Nessun Tag, puoi essere il primo ad aggiungerne!!

MARC

LEADER 00000nam a2200000 4500
001 0126970
005 20240502072440.2
020 |a 978-80-10-02002-7 
041 0 |a spa 
041 0 |a slo 
044 |a SK 
245 1 0 |a Španielčina 1, 2  |c Jana Lenghardtová 
250 |a 7. vyd. 
264 1 |a Bratislava  |b Slovenské pedagogické nakladateľstvo - Mladé letá  |c 2010 
300 |a 460 s. 
610 2 0 |a jazykoveda 
610 2 0 |a terminológia 
610 2 0 |a jazyky cudzie 
100 1 |a Lenghardtová, Jana